Top 5 Songs On 21 (Adele) - Statistics

General Stats
  • This quiz has been taken 60 times
  • The average score is 4 of 5
Answer Stats
Hint Answer % Correct
1,384,081,605 Rolling in the Deep
94%
1,542,279,821 Someone Like You
93%
1,028,459,074 Set Fire to the Rain
85%
348,000,404 Turning Tables
59%
276,073,225 Rumor Has It
41%
No matching quizzes found
Score Distribution
Percent of People with Each Score
Percentile by Number Answered
Your Score History
You have not taken this quiz